[Event "Chelyabinsk"]
[Site "?"]
[Date "2019.01.14"]
[Round "3.8"]
[White "Remizov, Yaroslav"]
[Black "Kholopov, Alexander A."]
[Result "1-0"]
[BlackElo "2211"]
[WhiteElo "2357"]
[LiveChessVersion "1.4.8"]

1. e4 {[%clk 1:30:59]} c5 {[%clk 1:29:48]} 2. Nf3 {[%clk 1:31:26]} Nc6
{[%clk 1:30:14]} 3. d4 {[%clk 1:31:51]} cxd4 {[%clk 1:30:40]} 4. Nxd4
{[%clk 1:32:20]} Qb6 {[%clk 1:31:05]} 5. Nb3 {[%clk 1:32:46]} Nf6
{[%clk 1:31:30]} 6. Nc3 {[%clk 1:33:10]} e6 {[%clk 1:31:56]} 7. Bd3
{[%clk 1:33:34]} d6 {[%clk 1:32:08]} 8. O-O {[%clk 1:33:58]} Be7 {[%clk 1:32:35]}
9. Be3 {[%clk 1:34:23]} Qc7 {[%clk 1:33:02]} 10. f4 {[%clk 1:34:40]} a6
{[%clk 1:33:25]} 11. Qf3 {[%clk 1:33:28]} O-O {[%clk 1:33:28]} 12. Rae1
{[%clk 1:31:55]} b5 {[%clk 1:31:55]} 13. e5 {[%clk 1:31:22]} dxe5
{[%clk 1:18:11]} 14. fxe5 {[%clk 1:31:43]} Nd7 {[%clk 1:18:35]} 15. Qh3
{[%clk 1:26:57]} g6 {[%clk 1:18:56]} 16. Bh6 {[%clk 1:22:03]} Ncxe5
{[%clk 1:19:06]} 17. Bxf8 {[%clk 1:20:33]} Bxf8 {[%clk 1:19:32]} 18. Ne4
{[%clk 1:17:31]} Bg7 {[%clk 1:18:11]} 19. Ng5 {[%clk 0:52:33]} h6
{[%clk 1:14:07]} 20. Nxf7 {[%clk 0:41:58]} Qa7+ {[%clk 1:02:04]} 21. Kh1
{[%clk 0:40:33]} Nxf7 {[%clk 1:02:25]} 22. Rxf7 {[%clk 0:40:43]} Qb6 1-0

[Event "Chelyabinsk"]
[Site "?"]
[Date "2019.01.14"]
[Round "3.9"]
[White "Nugumanov, Bakhtiyar"]
[Black "Sitnikov, Anton"]
[Result "1-0"]
[BlackElo "2410"]
[WhiteElo "2391"]
[LiveChessVersion "1.4.8"]

1. e4 {[%clk 1:30:20]} d6 {[%clk 1:30:51]} 2. d4 {[%clk 1:30:14]} Nf6
{[%clk 1:31:16]} 3. Nc3 {[%clk 1:30:39]} Nbd7 {[%clk 1:31:40]} 4. g3
{[%clk 1:30:50]} e5 {[%clk 1:32:03]} 5. Nge2 {[%clk 1:31:13]} b5 {[%clk 1:31:27]}
6. Nxb5 {[%clk 1:28:47]} Nxe4 {[%clk 1:31:10]} 7. Bg2 {[%clk 1:29:04]} Bb7
{[%clk 1:31:08]} 8. O-O {[%clk 1:29:24]} Be7 {[%clk 1:28:56]} 9. d5
{[%clk 1:28:03]} Nef6 {[%clk 1:25:40]} 10. Be3 {[%clk 1:27:08]} Nb6
{[%clk 1:16:30]} 11. c4 {[%clk 1:24:01]} Qd7 {[%clk 1:14:55]} 12. Qd3
{[%clk 1:19:33]} O-O {[%clk 1:14:26]} 13. a4 {[%clk 1:16:21]} Rfb8
{[%clk 0:48:09]} 14. b3 {[%clk 1:13:00]} c6 {[%clk 0:39:33]} 15. dxc6
{[%clk 1:08:33]} Bxc6 {[%clk 0:39:58]} 16. Bxc6 {[%clk 1:07:06]} Qxc6
{[%clk 0:40:26]} 17. a5 {[%clk 1:03:28]} Nc8 {[%clk 0:35:25]} 18. a6
{[%clk 1:02:06]} d5 {[%clk 0:34:44]} 19. Rfc1 {[%clk 0:56:41]} d4
{[%clk 0:27:31]} 20. Bg5 {[%clk 0:56:11]} Ne4 {[%clk 0:22:05]} 21. Bxe7
{[%clk 0:50:54]} Nxe7 {[%clk 0:22:30]} 22. Qf3 {[%clk 0:49:41]} f5
{[%clk 0:11:46]} 23. Rd1 {[%clk 0:45:56]} Rd8 {[%clk 0:11:40]} 24. Nc1
{[%clk 0:42:28]} Qh6 {[%clk 0:05:50]} 25. Qe2 {[%clk 0:37:49]} Ng6
{[%clk 0:02:59]} 26. Nd3 {[%clk 0:35:21]} Rd7 {[%clk 0:01:14]} 27. c5
{[%clk 0:33:41]} Rc8 {[%clk 0:01:26]} 28. Rac1 {[%clk 0:33:33]} Ng5
{[%clk 0:00:36]} 29. Ne1 {[%clk 0:31:49]} Rc6 {[%clk 0:00:35]} 30. Nd6
{[%clk 0:31:16]} Rdxd6 {[%clk 0:00:33]} 31. cxd6 {[%clk 0:30:51]} Rxd6
{[%clk 0:00:33]} 32. Rc8+ {[%clk 0:30:52]} Kf7 {[%clk 0:00:32]} 33. Qc4+
{[%clk 0:30:07]} Kf6 {[%clk 0:00:48]} 34. Rc6 {[%clk 0:28:14]} Ne4
{[%clk 0:01:17]} 35. Rxd6+ {[%clk 0:27:01]} Nxd6 {[%clk 0:01:45]} 36. Qc6
{[%clk 0:27:16]} Ke7 {[%clk 0:01:52]} 37. Nd3 {[%clk 0:27:19]} e4
{[%clk 0:01:41]} 38. Qc7+ {[%clk 0:26:22]} Ke6 {[%clk 0:02:10]} 39. Nc5+
{[%clk 0:26:29]} Kd5 {[%clk 0:02:39]} 40. Nb7 {[%clk 0:25:16]} Ne5
{[%clk 0:03:06]} 41. Qc5+ 1-0

[Event "Chelyabinsk"]
[Site "?"]
[Date "2019.01.14"]
[Round "3.10"]
[White "Mischuk, Dmitry"]
[Black "Ponomariov, Valeriy"]
[Result "1-0"]
[BlackElo "2378"]
[WhiteElo "2357"]
[LiveChessVersion "1.4.8"]

1. d4 {[%clk 1:29:16]} Nf6 {[%clk 1:29:27]} 2. c4 {[%clk 1:29:19]} e6
{[%clk 1:29:47]} 3. g3 {[%clk 1:29:23]} d5 {[%clk 1:29:50]} 4. Nf3
{[%clk 1:29:45]} Bb4+ {[%clk 1:29:25]} 5. Nc3 {[%clk 1:27:25]} dxc4
{[%clk 1:28:12]} 6. Bg2 {[%clk 1:25:03]} O-O {[%clk 1:24:23]} 7. Ne5
{[%clk 1:23:13]} Nd5 {[%clk 1:22:15]} 8. Bd2 {[%clk 1:21:11]} Nb6
{[%clk 1:21:05]} 9. e3 {[%clk 1:17:57]} f6 {[%clk 1:13:56]} 10. Nf3
{[%clk 1:13:56]} Nc6 {[%clk 1:13:57]} 11. Qc2 {[%clk 1:06:15]} e5
{[%clk 1:09:48]} 12. dxe5 {[%clk 0:16:33]} fxe5 {[%clk 1:08:49]} 13. a3
{[%clk 0:16:36]} Be7 {[%clk 1:06:08]} 14. h3 {[%clk 0:04:15]} Bf5
{[%clk 0:54:08]} 15. Ne4 {[%clk 0:03:21]} Qe8 {[%clk 0:46:40]} 16. Bc3
{[%clk 0:03:05]} Nd7 {[%clk 0:41:58]} 17. Nfd2 {[%clk 0:03:17]} Qf7
{[%clk 0:41:11]} 18. O-O {[%clk 0:02:38]} Nc5 {[%clk 0:35:57]} 19. g4
{[%clk 0:02:51]} Be6 {[%clk 0:34:59]} 20. Nxc5 {[%clk 0:02:56]} Bxc5
{[%clk 0:35:23]} 21. Ne4 {[%clk 0:03:18]} Be7 {[%clk 0:35:15]} 22. f4
{[%clk 0:03:41]} exf4 {[%clk 0:34:48]} 23. exf4 {[%clk 0:04:04]} Rad8
{[%clk 0:34:18]} 24. f5 {[%clk 0:04:05]} Bd5 {[%clk 0:34:21]} 25. f6
{[%clk 0:03:40]} gxf6 {[%clk 0:33:19]} 26. Nxf6+ {[%clk 0:02:54]} Bxf6
{[%clk 0:33:21]} 27. Rxf6 {[%clk 0:03:08]} Qe8 {[%clk 0:30:31]} 28. Qf5
{[%clk 0:01:43]} Rxf6 {[%clk 0:29:10]} 29. Qxf6 {[%clk 0:01:49]} Qg6
{[%clk 0:29:32]} 30. Bxd5+ {[%clk 0:01:56]} Rxd5 {[%clk 0:30:01]} 31. Qh8+
{[%clk 0:02:21]} Kf7 {[%clk 0:30:27]} 32. Rf1+ {[%clk 0:02:44]} Ke7
{[%clk 0:30:16]} 33. Qf8+ {[%clk 0:03:07]} Kd7 {[%clk 0:30:38]} 34. Rf7+
{[%clk 0:03:34]} 1-0